LIBRARY & INFORMATION CENTRE, KCAET, TAVANUR

ONLINE PUBLIC ACCESS CATALOGUE (OPAC)

Development of Agriculture in the Era of Climate Change -Volume-2 (Record no. 14188)

MARC details
000 -LEADER
fixed length control field 00363nam a22001337a 4500
020 ## - INTERNATIONAL STANDARD BOOK NUMBER
ISBN 9789350300879
082 ## - DEWEY DECIMAL CLASSIFICATION NUMBER
Classification number 551.253
Item number RAS/DE
100 ## - MAIN ENTRY--AUTHOR NAME
Personal name Rasure, K A
245 ## - TITLE STATEMENT
Title Development of Agriculture in the Era of Climate Change -Volume-2
260 ## - PUBLICATION, DISTRIBUTION, ETC. (IMPRINT)
Place of publication New Delhi
Name of publisher Oxford Book Company
Year of publication 2012
300 ## - PHYSICAL DESCRIPTION
Number of Pages 270
650 ## - SUBJECT ADDED ENTRY--TOPICAL TERM
Topical Term Climate Change
942 ## - ADDED ENTRY ELEMENTS (KOHA)
Koha item type Books
Holdings
Withdrawn status Lost status Damaged status Collection code Home library Current library Shelving location Date acquired Source of acquisition Cost, normal purchase price Full call number Accession Number Koha item type
        KAUAET KAUAET General Stacks 18/04/2015 Penta Books, Calicut 5000.00 551.253 RAS/DE 23765 Books
        KAUAET KAUAET General Stacks 30/06/2016 Penta Books, Calicut 5000.00 551.253 RAS/DE 23766 Books
free website counter